000 00462nam a2200181Ia 4500
005 20250508160921.0
008 008 250505s9999 xx 000 0 eng d
037 _aTextual
040 _aFEDL
_beng
_cFEDL
041 _aeng
_2eng
084 _aF, SMI
_qFEDL
100 _aSmith Juliet
_9769741
245 0 _aEscape from meerut
260 _aLondon , UK
_bCollins
_c1971
300 _a189p.
942 _cTEXL
_hF, SMI
999 _c1367379
_d1367379